000 00260nam a22001097a 4500
082 _a660 DIB'S
100 _aDIBENLDETTO, A. T
_978921
245 _aTHE STRCTURE AND PROPERTIES OF MATERIALS
260 _aTOKYO
_bKOGAKUSHA
_c1967
300 _a533P
942 _cBK
999 _c583990
_d583990